000 00989nam a22002897a 4500
001 BR0500911
003 BR-BrBNA
005 20230928101839.0
007 ta
008 230509b bl.||||| |||| 00| 0 por d
040 _aBR-BrBNA
_bpor
_cBiblioteca Nacional de Agricultura
041 _a(Por)
072 _aE12; E50
090 _ E12 BR0500911
110 1 _aConfederação Nacional dos Trabalhadores na Agricultura, Brasília, DF (Brasil)
_92541
111 1 _a7. Congresso Nacional de Trabalhadores Rurais
_cBrasília, DF (Brazil)
_d30 Mar-3 Apl 1998
245 1 _aAnais do 7. Congresso Nacional de Trabalhadores Rurais; rumo ao projeto alternativo de desenvolvimento rural sustentável
260 3 _aBrasília, DF (Brasil):
_c1998.
300 _a182 p.
650 _aTRABALHADOR RURAL
650 _aSINDICATO
650 _aDESENVOLVIMENTO SÓCIO-ECONÔMICO
650 _aMEIO AMBIENTE
650 _aREFORMA AGRÁRIA
909 _a202309
_bLucia
_c55
_dLucia Elande
942 _cBK
999 _c67872
_d67872